000 00490nam a2200181 i 4500
001 96240
003 ES-MaACL
005 20250807081303.0
007 t|
008 050614s1966 sp |||| | spa d
100 1 _aMagaz Sangro, Carlos.
_975458
245 1 0 _aMatrimonio feliz /
_cCarlos Magaz Sangro.
260 _aBilbao :
_bMensajero,
_c1966.
300 _a221 p. ;
_c19 cm.
650 0 7 _aMatrimonio
_2embne
_914855
852 _aES-MaACL
_jC-31017
999 _c96240
_d96240